000 00421nam a2200169Ia 4500
003 GCL
008 140319s9999 xx 000 0 eng d
040 _aGCL /
_cGCL
082 0 4 _a952
_bH U
100 1 _aHENDRY, JOY
245 1 0 _aUNDERSTANDING JAPANESE SOCIETY,2ND ED /
_cHENDRY, JOY
260 _a[S.N] :
_bROUTLEDGE ،
_c1995
300 _a240 P
650 0 4 _aJAPAN
650 0 4 _aJAPAN - SOCIETY
942 _2ddc
_cBK
999 _c24539
_d24539